Statistics for Guess the lyrics (#25)

Click here to take the quiz!

General Stats

  • This quiz has been taken 190 times
  • The average score is 91 of 193

Answer Stats

Answer% Correct
I
98%
"I
98%
a
93%
the
93%
And
88%
and
88%
you
88%
You
88%
in
83%
me
82%
Me
82%
do
79%
do?
79%
to
79%
We
79%
we
79%
no
76%
on
76%
my
75%
what
71%
Then
69%
that
68%
I'm
65%
why
65%
her
63%
She
63%
she
63%
of
62%
have
60%
am
58%
This
56%
this
56%
don't
55%
will
55%
At
54%
at
54%
all
51%
get
50%
some
50%
was
50%
like
48%
time
47%
him
45%
up
44%
with
44%
But
43%
but
43%
had
43%
his
43%
from
42%
girl
42%
said
42%
now
41%
I've
40%
man
40%
out
38%
good
35%
always
34%
you'll
34%
way
32%
supposed
31%
find
25%
That's
25%
away
23%
He's
23%
into
21%
last
21%
New
21%
new
21%
done
20%
alone
19%
home
19%
must
19%
own,
19%
ran
17%
somebody
17%
found
15%
leave
15%
met
14%
ain't
13%
drink,
11%
Living
11%
danced
10%
kitchen
10%
parties
10%
drive
9%
pretty
9%
girlfriend
8%
walked
8%
Enough
7%
rock"
7%
still
7%
Green
6%
talked
6%
argued
5%
both
5%
chatting
5%
laughed
5%
luck
5%
rebuffed
5%
sink
5%
washing
5%
Bleu
4%
Cordon
4%
cuisine
4%
French
4%
Palmers
4%
piled
4%
Piled
4%
stuff
4%
Wave
4%
debutante
3%

Score Distribution

Percentile by Number Answered

Percent of People with Each Score

Your Score History

You have not taken this quiz